000 00403nam a2200145Ia 4500
008 230917s9999||||xx |||||||||||||| ||und||
040 _e210125
_aMAIN
041 _aEnglish
082 _a155.5 U5E
100 _aUrmil
245 0 _aEmotional maturity, selp confidence and insecurity amongst adolscent children of working and non-working mothers.
260 _c2011
300 _a74 p.
942 _cTH
999 _c126053
_d126053